do jakiego państwa to pasuje - sąsiedzi - Statystyki

Ogólne statystyki
  • Ten quiz został rozwiązany 19 razy
  • Średni wynik to 11 z 15
Statystyki odpowiedzi
sąsiedzi państwo % Poprawnych
kanada, meksyk USA
100%
Monako, Hiszpania, Luksemburg, Włochy, Belgia, Niemcy Francja
94%
Argentyna, Boliwia, Peru Chile
88%
Francja Monako
88%
Haiti Dominikana
82%
Chorwacja, Bośnia i Hercegowina, Czarnogóra, Kosowo, Macedonia północna, Rumunia, Bułgaria, Węgry Serbia
82%
Brazylia, Surinam, Wenezuela Gujana
76%
Malezja, Timor Wschodni, Papua-Nowa Gwinea Indonezja
71%
Irak, Arabia Saudyjska Kuwejt
71%
Tajlandia, Wietnam, Kambodża, Chiny, Mjanma Laos
71%
Uzbekistan, Afganistan, Kirgistan, Chiny Tadżykistan
71%
Nigeria, Niger, Kamerun, republika środkowoafrykańska, Sudan, Libia Czad
65%
Botswana, RPA, Zambia, Mozambik Zimbabwe
65%
Gwinea Bissau, Senegal, Sierra Leone, Liberia, Wybrzeże Kości Słoniowej, Mali Gwinea
59%
Nikaragua, Salwador, Gwatemala Honduras
59%
Nie znaleziono quizów pasujących do podanych kryteriów
Rozkład punktacji
Procent ludzi z każdym wynikiem
Percentyl według liczby udzielonych odpowiedzi
Twoja historia wyników
Nie rozwiązałeś tego quizu